Eurovision Song Contest all Winners - Statistics

General Stats
  • This quiz has been taken 65 times
  • The average score is 61 of 64
Answer Stats
Hint Answer % Correct
1974 Sweden
100%
1984 Sweden
100%
1991 Sweden
100%
1999 Sweden
100%
2012 Sweden
100%
2015 Sweden
100%
1958 France
98%
1960 France
98%
1962 France
98%
1977 France
98%
1969 France, Spain, Netherlands, United Kingdom
98%
1982 Germany
98%
2010 Germany
98%
1970 Ireland
98%
1980 Ireland
98%
1987 Ireland
98%
1992 Ireland
98%
1993 Ireland
98%
1994 Ireland
98%
1996 Ireland
98%
1978 Israel
98%
1979 Israel
98%
1998 Israel
98%
2018 Israel
98%
1957 Netherlands
98%
1959 Netherlands
98%
1975 Netherlands
98%
2019 Netherlands
98%
2017 Portugal
98%
1967 United Kingdom
98%
1976 United Kingdom
98%
1981 United Kingdom
98%
1997 United Kingdom
98%
1966 Austria
96%
2014 Austria
96%
1963 Denmark
96%
2000 Denmark
96%
2013 Denmark
96%
1985 Norway
96%
1995 Norway
96%
2009 Norway
96%
2008 Russia
96%
2005 Greece
94%
1964 Italy
94%
1990 Italy
94%
2002 Latvia
94%
1968 Spain
94%
1956 Switzerland
94%
1988 Switzerland
94%
2003 Turkey
94%
2004 Ukraine
94%
2016 Ukraine
94%
1986 Belgium
92%
2001 Estonia
92%
2006 Finland
92%
2007 Serbia
92%
2011 Azerbaijan
91%
1961 Luxembourg
91%
1965 Luxembourg
91%
1972 Luxembourg
91%
1973 Luxembourg
91%
1983 Luxembourg
91%
1989 Yugoslavia
89%
1971 Monaco
83%
No matching quizzes found
Score Distribution
Percent of People with Each Score
Percentile by Number Answered
Your Score History
You have not taken this quiz